000 00736cam a22002291 4500
001 ca 33001081
003 DLC
005 20260227111129.0
008 810920s1933 xx 000 0 eng
010 _aca 33001081
035 _a(OCoLC)14750461
040 _aDLC
_cDNLM
_dDLC
042 _apremarc
050 0 0 _aRL71
_b.S825
060 0 _aWR 140
_bS857i 1933
100 1 _aStillians, Arthur William,
_d1871-
245 1 0 _aIntroduction to dermatology and syphilology,
_cby Arthur W. Stillians, M. D.
260 _a[Evanston, Ill.]
_bNorthwestern university medical school,
_c1933.
300 _a3 p. l., 2-82 numb. l.
500 _aLithoprinted, on one side of leaf only.
740 0 _aDermatology and syphilology, Introduction to
999 _c17157
_d17157